000 00809nam a2200289Ia 4500
005 20260324121236.0
008 008 260324s9999 xx 000 0 eng d
020 _a9780429227172
037 _aEBOOK
040 _aCRL
040 _beng
040 _cCRL
041 _2eng
041 _aeng
084 _qCRL
100 _aAi Sheng; Yizhong Wang
_91161754
245 0 _aManufacturing and Engineering Technology (ICMET 2014)
245 0 _bProceedings of the 2014 International Conference on Manufacturing and Engineering Technology, San-ya, China, October 17-19, 2014
260 _bTaylor and Francis
260 _c2014
365 _a
365 _b680
856 _uhttp://www.taylorfrancis.com/books/9780429227172
942 _cEBOOK
999 _c1753730
_d1753730